Eurowizja 2023 - wyniki - Statystyki

Ogólne statystyki
  • Ten quiz został rozwiązany 141 razy
  • Średni wynik to 19 z 37
Statystyki odpowiedzi
Miejsce Państwo Punkty % Poprawnych
1 Szwecja 583
99%
2 Finlandia 526
97%
3 Izrael 362
85%
4 Włochy 350
81%
19 Polska 93
71%
5 Norwegia 268
70%
26 Niemcy 18
55%
6 Ukraina 243
54%
25 Wielka Brytania 24
53%
10 Czechy 129
52%
16 Francja 104
52%
8 Estonia 168
51%
9 Australia 151
50%
7 Belgia 182
50%
11 Litwa 127
50%
17 Hiszpania 100
49%
15 Austria 120
48%
20 Szwajcaria 92
48%
13 Chorwacja 123
47%
12 Cypr 126
45%
23 Portugalia 59
45%
24 Serbia 30
45%
18 Mołdawia 96
44%
37 Rumunia 0
41%
22 Albania 76
40%
14 Armenia 122
40%
27 Islandia 44
40%
21 Słowenia 78
40%
29 Łotwa 26
39%
36 San Marino 0
39%
28 Gruzja 33
36%
30 Grecja 14
35%
35 Malta 2
35%
34 Azerbejdżan 4
34%
31 Irlandia 10
34%
33 Dania 6
33%
32 Holandia 7
30%
Nie znaleziono quizów pasujących do podanych kryteriów
Rozkład punktacji
Procent ludzi z każdym wynikiem
Percentyl według liczby udzielonych odpowiedzi
Twoja historia wyników
Nie rozwiązałeś tego quizu